| 000 | 01120nam0a22003011 4500 | ||
|---|---|---|---|
| 001 | RU\INFOCOMM_322\NLR\5000103358 | ||
| 005 | 20250810064151.0 | ||
| 035 | _a(NLR Aleph) 009486707 | ||
| 090 |
_a8622254 _c8622254 |
||
| 100 | _a20121212d1944 u y0rusy50 ca | ||
| 101 | 1 | _aeng | |
| 102 | _aRU | ||
| 105 | _ay z ||||| | ||
| 200 | 1 |
_aLenin's mother _fRay Kovnator _gTransl. by J. Fineberg |
|
| 210 |
_aMoscow _cForeign languages publishing house _d1944 |
||
| 215 |
_a34, [2] с., 1 л. фронт. (портр.), 1 л. ил. _cфронт. (портр.), ил. _d19 см |
||
| 300 | _aНа 4-й с. обл.: Р. Ковнатор. Мать Ленина | ||
| 600 | 1 |
_aУльянова _bМ. А. _f1835-1916 _gМария Александровна _2nlr_sh1 |
|
| 620 | _aМосква | ||
| 700 | 1 |
_9z01790 _aKovnator _bR. A. _gRachil' Aronovna |
|
| 790 | 1 |
_9z01700 _aKovnator _bR. _gRay _4070 |
|
| 801 | 1 |
_aRU _bNLR _c20121212 |
|
| 801 | 0 |
_aRU _bINFOCOMM _gPSBO |
|
| 852 |
_aNLR _jМ21 Г-4/102 _y3 экз. |
||
| 942 | _cBOOK | ||
| 945 | _aРоссийская национальная библиотека | ||
| 980 | _aNB | ||
| 980 | _aBV | ||